[Event "49th Capablanca Elite 2014"]
[Site "Havana CUB"]
[Date "2014.05.14"]
[Round "6.2"]
[White "Ivanchuk, Vassily"]
[Black "Dominguez Perez, Leinier"]
[Result "1/2-1/2"]
[WhiteElo "2753"]
[BlackElo "2768"]
[PlyCount "56"]
[EventDate "2014.05.08"]

1. e4 c5 2. Nf3 d6 3. d4 cxd4 4. Nxd4 Nf6 5. Nc3 a6 6. f4 Qc7 7. Be2 e5 8. Nf5
Bxf5 9. exf5 Nc6 10. O-O O-O-O 11. Nd5 Nxd5 12. Qxd5 Nb4 13. Qb3 d5 14. Bd2 Nc6
15. fxe5 Qxe5 16. Rae1 Bd6 17. g3 Qf6 18. Bf3 h5 19. Bxd5 Bxg3 20. Bc3 Bxh2+
21. Kxh2 Qd6+ 22. Re5 Rhe8 23. Rfe1 f6 24. Bxc6 bxc6 25. Qc4 Rxe5 26. Qxa6+ Kb8
27. Qb6+ Kc8 28. Qa6+ Kb8 1/2-1/2